Primer tratado de historia musical publicado en la Nueva Granada. nexos con el proyecto cultural de la nación / Tomo II :

Bibliographic Details
Main Author: Ramírez Jaramillo, John Fredy (Author)
Format: Electronic eBook
Language:Spanish
Published: Bogotá, Colombia : [Medellín] : Editorial Aula de Humanidades : Fundación Universidad de Antioquia, 2025.
Edition:Primera edición.
Series:Colección Educación y pedagogía. Serie Historia de la educación.
Subjects:
Online Access:Digitalia Hispánica

MARC

LEADER 00000nam a2200000Ii 4500
001 DIGAUHUM0067
003 NyNyDIG
006 m o d
007 cr |||||||||||
008 260205s2025 ck ob 001 0 spa d
035 |a (OCoLC)1573181985 
040 |a DGITA  |b eng  |e rda  |e pn  |c DGITA 
020 |a 9786287777316  |q (versión digital) 
020 |z 9786287777309  |q (versión impresa) 
043 |a s-ck---  |a e------ 
050 1 4 |a ML199.4 ebook 
100 1 |a Ramírez Jaramillo, John Fredy,  |e author. 
245 1 0 |a Primer tratado de historia musical publicado en la Nueva Granada.  |n Tomo II :  |b nexos con el proyecto cultural de la nación /  |c John Fredy Ramírez Jaramillo. 
250 |a Primera edición. 
264 1 |a Bogotá, Colombia :  |b Editorial Aula de Humanidades :  |a [Medellín] :  |b Fundación Universidad de Antioquia,  |c 2025. 
300 |a 1 online resource. 
336 |a text  |b txt  |2 rdacontent 
337 |a computer  |b c  |2 rdamedia 
338 |a online resource  |b cr  |2 rdacarrier 
347 |a text file  |2 rdaft 
347 |b PDF 
490 1 |a Colección: Educación y pedagogía. Serie: Historia de la educación 
504 |a Includes bibliographical references and index. 
588 0 |a Online resource; title from PDF title page (Digitalia, viewed February 5, 2026) 
650 0 |a Music  |z Europe  |x History and criticism. 
650 0 |a Music  |z Colombia  |z Bogotá  |x History and criticism  |y 19th century. 
650 0 |a Book industries and trade  |y 18th century. 
650 0 |a Book industries and trade  |y 19th century. 
791 2 |a Digitalia (Firm),  |e distributor. 
793 0 |g Digitalia eBook Collection:  |a Editorial Aula de Humanidades 
776 0 8 |i Print version:  |a Ramírez Jaramillo, John Fredy.  |t Primer tratado de historia musical publicado en la Nueva Granada. Tomo II.  |b Primera edición.  |d Bogotá, Colombia : Editorial Aula de Humanidades ; [Medellín] : Fundación Universidad de Antioquia, 2025  |z 9786287777309 
830 0 |a Colección Educación y pedagogía.  |p Serie Historia de la educación. 
856 4 0 |3 Digitalia Hispánica  |u https://www.digitaliapublishing.com/a/175613/ 
910 |a Premium collection: 2026